000 00844nam a22002535i 4500
001 10592
003 ES-MaACL
005 20230906145921.0
007 t|
008 930129s1992 sp ||||0| spa j
020 _a84-7723-122-2
040 _aM-BN
_bspa
_cM-BN
080 _a159.925
080 _a37.064.2
100 1 _aCuadrado Gordillo, Isabel.
_941897
245 1 0 _aImplicaciones didácticas de la comunicación no-verbal en el aula /
_cIsabel Cuadrado Gordillo.
260 _a[Cáceres] :
_bUniversidad de Extremadura, Servicio de Publicaciones,
_cD.L. 1992.
300 _a200 p :
_bgráf ;
_c24 cm.
504 _aBibliografía: p. 179-200.
650 1 4 _aRelaciones profesor alumno.
_916792
650 1 4 _aComunicación no verbal.
_911201
710 2 _aUniversidad de Extremadura.
_97175
852 _aES-MaACL
_jL-17998
_bR.122226
999 _c10592
_d10592